Desarrolo de un perfil nacional de uso de mercurio en Costa Rica a la luz de la entrada en vigencia del Convenio Minamata
محفوظ في:
| المؤلف الرئيسي: | |
|---|---|
| التنسيق: | كتاب |
| اللغة: | Spanish |
| منشور في: |
San José, Costa Rica
2017
|
| الموضوعات: | |
| الوسوم: |
إضافة وسم
لا توجد وسوم, كن أول من يضع وسما على هذه التسجيلة!
|
MARC
| LEADER | 00000nam a22000007a 4500 | ||
|---|---|---|---|
| 003 | 012568 | ||
| 005 | 20221231144144.0 | ||
| 008 | 170302b2017 cr a|||| |m|| 00| ||spa d | ||
| 040 | |c cru CEDI | ||
| 090 | |a TFG 7719 | ||
| 100 | |9 6783 |a Fernández Villalobos, Adriana | ||
| 245 | |a Desarrolo de un perfil nacional de uso de mercurio en Costa Rica a la luz de la entrada en vigencia del Convenio Minamata | ||
| 260 | |a San José, Costa Rica |c 2017 | ||
| 300 | |a xi, 144 hojas ; ilustraciones a color | ||
| 500 | |a Proyecto de graduación (licenciatura en ingeniería química)--Universidad de Costa Rica. Facultad de Ingeniería. Escuela de Ingeniería Química | ||
| 650 | |x MERCURIO |x TOXICOLOGIA |x CONTAMINACION DEL AGUA |x MINAMATA, JAPON |x CONTAMINACION |x MINAS |x LAS JUNTAS (ABANGARES, GUANACASTE, COSTA RICA) |x SALUD AMBIENTAL |x SALUD OCUPACIONAL |x CONTROL AMBIENTAL - ASPECTOS LEGALES - COSTA RICA |x ASPECTOS LEGALES |x ASPECTOS AMBIENTALES |9 6784 | ||
| 942 | |c TFG | ||
| 999 | |c 17685 |d 17685 | ||
